| 000 | 00526cam a2200193 4500 | ||
|---|---|---|---|
| 001 | D8117 | ||
| 008 | 090401t1977 xxu||||| |||| 00| 0 eng d | ||
| 035 | _a(Sirsi) u11261 | ||
| 041 | _aeng | ||
| 050 | _a333.320902 | ||
| 100 | _aRaban, Sandra | ||
| 245 | _aEstate of Thorney and Crawland: a study in medieaval monastic land tenure | ||
| 260 |
_aCambridge _bUniversity of Cambridge Department of La _c1977 |
||
| 300 | _a106p. 22cm | ||
| 350 | _a1.8 | ||
| 490 |
_aOccasional Paper _v7 |
||
| 942 | _n0 | ||
| 948 | _c04/03/1997 | ||
| 999 |
_c86841 _d86841 |
||